Подробности
| 000 -МАРКЕР |
| контрольное поле |
02664nam0a2200349 4500 |
| 001 - ИДЕНТИФИКАТОР ЗАПИСИ |
| контрольное поле |
RU\NLR\bibl\828400 |
| 005 - ИДЕНТИФИКАТОР ВЕРСИИ |
| контрольное поле |
20260406005645.0 |
| 010 ## - МЕЖДУНАРОДНЫЙ СТАНДАРТНЫЙ НОМЕР КНИГИ (ISBN) |
| Номер (ISBN) |
5-8285-0041-4 |
| Тираж |
100 |
| 021 ## - НОМЕР ГОСУДАРСТВЕННОЙ РЕГИСТРАЦИИ |
| Код страны |
Российская Федерация |
| Номер |
2005-37458 |
| Номер Листа государственной регистраци |
1863 |
| 035 ## - ДРУГИЕ СИСТЕМНЫЕ НОМЕРА |
| Идентификатор записи |
(NLR Aleph) 000817282 |
| 100 ## - ДАННЫЕ ОБЩЕЙ ОБРАБОТКИ |
| Данные общей обработки |
20050805d2005 |||y0rusy50 ca |
| 101 0# - ЯЗЫК РЕСУРСА |
| Язык текста, звукозаписи и т.д. |
русский |
| 102 ## - СТРАНА ПУБЛИКАЦИИ ИЛИ ПРОИЗВОДСТВА |
| Страна публикации |
Российская Федерация |
| 105 ## - ПОЛЕ КОДИРОВАННЫХ ДАННЫХ: ТЕКСТОВЫЕ МАТЕРИАЛЫ, МОНОГРАФИЧЕСКИЕ |
| Кодированные данные о монографическом текстовом документе |
a ||||||||| |
| 200 1# - ЗАГЛАВИЕ И СВЕДЕНИЯ ОБ ОТВЕТСТВЕННОСТИ |
| Основное заглавие |
Механика текстильных машин в примерах и задачах |
| Сведения, относящиеся к заглавию |
для текстильных специальностей технических вузов |
| -- |
учебное пособие для студентов высших учебных заведений по специальностям: 150406 "Машины и аппараты текстильной и легкой промышленности", 260704 "Технология текстильных изделий", 260703 "Проектирование текстильных изделий" |
| Первые сведения об ответственности |
А.М. Волков, Г.К. Кузнецов, В.А. Лясич [и др.] |
| Последующие сведения об ответственности |
под общ. ред. засл. деят. науки РФ, д.т.н., проф. Г.К. Кузнецова |
| -- |
М-во образования и науки Рос. Федерации, Федер. агентство по образованию, Костром. гос. технол. ун-т |
| 205 ## - СВЕДЕНИЯ ОБ ИЗДАНИИ |
| Сведения об издании |
Изд. 2-е, перераб. и доп. |
| 210 ## - ПУБЛИКАЦИЯ, РАСПРОСТРАНЕНИЕ И ДР. |
| Место издания, распространения и т.д. |
Кострома |
| Имя издателя, распространителя и т. д. |
Изд-во Костромского государственного технологического университета |
| Дата издания, распространения и т.д. |
2005 |
| 215 ## - ФИЗИЧЕСКАЯ ХАРАКТЕРИСТИКА |
| Специфическое обозначение материала и объем |
87 с. |
| Другие сведения о физической характеристике |
ил. |
| Размеры |
21 |
| 320 ## - ПРИМЕЧАНИЯ О НАЛИЧИИ В ДОКУМЕНТЕ БИБЛИОГРАФИИ / УКАЗАТЕЛЯ |
| Текст примечания |
Библиогр. в конце разделов |
| 606 1# - НАИМЕНОВАНИЕ ТЕМЫ КАК ПРЕДМЕТ |
| Наименование темы |
Текстильные фабрики |
| Формальный подзаголовок |
Учебные издания для высших учебных заведений |
| Тематический подзаголовок |
Оборудование |
| -- |
Теория |
| -- |
Задачи |
| -- |
Решение |
| Системный номер авторитетной/нормативной записи |
2387566 |
| Идентификатор авторитетной/нормативной записи |
RU\NLR\auth\661424072 |
| 686 ## - ИНДЕКСЫ ДРУГИХ КЛАССИФИКАЦИЙ |
| Индекс |
М3-5-01я73-4 |
| 701 #1 - ИМЯ ЛИЦА - АЛЬТЕРНАТИВНАЯ ОТВЕТСТВЕННОСТЬ |
| Код отношения |
Автор |
| Материалы, к которым относится поле |
rus |
| Графика поля |
Кириллица |
| Начальный элемент ввода |
Волков |
| Часть имени, кроме начального элемента ввода |
А. М. |
| Дополнения к именам, кроме дат |
канд. техн. наук |
| Даты |
1956- |
| Расширение инициалов личного имени |
Алексей Михайлович |
| Идентификатор авторитетной/нормативной записи |
RU\NLR\auth\77115133 |
| Системный номер авторитетной/нормативной записи |
98058 |
| 701 #1 - ИМЯ ЛИЦА - АЛЬТЕРНАТИВНАЯ ОТВЕТСТВЕННОСТЬ |
| Код отношения |
Автор |
| Материалы, к которым относится поле |
rus |
| Графика поля |
Кириллица |
| Начальный элемент ввода |
Кузнецов |
| Часть имени, кроме начального элемента ввода |
Г. К. |
| Дополнения к именам, кроме дат |
д-р техн. наук |
| Даты |
1926- |
| Расширение инициалов личного имени |
Георгий Константинович |
| Идентификатор авторитетной/нормативной записи |
RU\NLR\auth\7752460 |
| Системный номер авторитетной/нормативной записи |
35393 |
| 701 #1 - ИМЯ ЛИЦА - АЛЬТЕРНАТИВНАЯ ОТВЕТСТВЕННОСТЬ |
| Начальный элемент ввода |
Лясич |
| Часть имени, кроме начального элемента ввода |
В. А. |
| Расширение инициалов личного имени |
Василий Алексеевич |
| Код отношения |
Автор |
| 702 #1 - ИМЯ ЛИЦА - ВТОРИЧНАЯ ОТВЕТСТВЕННОСТЬ |
| Код отношения |
Редактор |
| Материалы, к которым относится поле |
rus |
| Графика поля |
Кириллица |
| Начальный элемент ввода |
Кузнецов |
| Часть имени, кроме начального элемента ввода |
Г. К. |
| Дополнения к именам, кроме дат |
д-р техн. наук |
| Даты |
1926- |
| Расширение инициалов личного имени |
Георгий Константинович |
| Идентификатор авторитетной/нормативной записи |
RU\NLR\auth\7752460 |
| Системный номер авторитетной/нормативной записи |
35393 |
| 801 #0 - ИСТОЧНИК ЗАПИСИ |
| Страна |
Российская Федерация |
| Организация |
NLR |
| Дата составления |
20050805 |
| Правила каталогизации |
rcr |
| 801 #1 - ИСТОЧНИК ЗАПИСИ |
| Страна |
Российская Федерация |
| Организация |
NLR |
| Дата составления |
20050805 |
| 830 ## - ОБЩЕЕ ПРИМЕЧАНИЕ, СОСТАВЛЕННОЕ КАТАЛОГИЗАТОРОМ |
| Текст примечания |
Авт. по кн. |
| 942 ## - ДОПОЛНИТЕЛЬНЫЕ ЭЛЕМЕНТЫ ЗАПИСИ (АБИС) |
| Тип экземпляра АБИС |
Книга |
| 980 ## - КОЛЛЕКЦИЯ |
| Название коллекции |
Национальная библиография |